| 000 | 00788cam a2200289 4500 | ||
|---|---|---|---|
| 001 | A526 | ||
| 008 | 090401t1994 xxu||||| |||| 00| 0 eng d | ||
| 035 | _a(Sirsi) u95492 | ||
| 041 | _aeng | ||
| 100 | _h | ||
| 245 | _aPaying for our past | ||
| 260 |
_bRICS _c1994 |
||
| 300 | _a21p | ||
| 350 | _a3 | ||
| 490 |
_aRICS Memorandum _vGCPPA/Report(94)11 |
||
| 520 | _aA response to the DoE consultation paper `Paying for our past` dealing with each of the seven issues raised. | ||
| 650 | _aCONTAMINATED LAND | ||
| 650 | _aCONTAMINTED LAND REGISTERS | ||
| 650 | _aENVIRONMENTAL LIABILITY | ||
| 650 | _aINSURANCE ISSUES | ||
| 650 | _aLAND QUALITY STATEMENTS | ||
| 650 | _aRICS RESPONSE | ||
| 650 | _aS143 REGISTERS | ||
| 690 | _aLAND | ||
| 942 | _n0 | ||
| 948 | _c04/03/1997 | ||
| 999 |
_c98505 _d98505 |
||